| 000 | 00400nam a22001697a 4500 | ||
|---|---|---|---|
| 003 | SGT | ||
| 020 | _a9789354658686 | ||
| 082 |
_a617 _bS23B |
||
| 100 | _aBHAT, M. SRIRAM | ||
| 245 | _aSRB'S CLINICAL METHODSIN SURGERY | ||
| 250 | _a4TH | ||
| 260 |
_aINDIA _bJAYPEE PUB _c2023 |
||
| 300 | _a667 | ||
| 650 | _aGENERAL SURGERY | ||
| 653 | _aSRB'S CLINICAL METHODSIN SURGERY | ||
| 942 |
_2ddc _cBK _07 |
||
| 999 |
_c25420 _d25420 |
||